[Event "FRA-ch Blitz Online Qual"]
[Site "Europe Echecs INT"]
[Date "2020.05.16"]
[Round "3"]
[White "Gouja, Wissem"]
[Black "Iglesias, Christophe"]
[Result "0-1"]
[WhiteElo "1346"]
[BlackElo "1815"]
[PlyCount "50"]
[EventDate "2020.05.16"]
[EventType "swiss (blitz)"]
[EventRounds "15"]
[EventCountry "FRA"]
[SourceTitle "CBM 196 Extra"]
[Source "ChessBase"]
[SourceDate "2020.07.31"]
[SourceVersion "1"]
[SourceVersionDate "2020.07.31"]
[SourceQuality "1"]

1. e4 c6 2. d4 d5 3. exd5 cxd5 4. Bd3 Nc6 5. Nf3 Bg4 6. c3 e6 7. Nbd2 Bd6 8. h3 Bh5 9. 0-0 Nge7 10. Qc2 Bg6 11. Re1 Rc8 12. Ne5 Nxd4 13. Qa4+ Ndc6 14. Nxc6 bxc6 15. Bxg6 Nxg6 16. Qxa7 0-0 17. Nf3 e5 18. a4 Re8 19. a5 e4 20. Nd4 c5 21. Nf5 Bf4 22. Bxf4 Nxf4 23. Qb6 Qg5 24. Ng3 h5 25. h4 Qxh4 0-1

[Event "FRA-ch Blitz Online Qual"]
[Site "Europe Echecs INT"]
[Date "2020.05.16"]
[Round "15"]
[White "Maisuradze, Nino"]
[Black "Iglesias, Christophe"]
[Result "0-1"]
[WhiteElo "2214"]
[BlackElo "1815"]
[PlyCount "64"]
[EventDate "2020.05.16"]
[EventType "swiss (blitz)"]
[EventRounds "15"]
[EventCountry "FRA"]
[SourceTitle "CBM 196 Extra"]
[Source "ChessBase"]
[SourceDate "2020.07.31"]
[SourceVersion "1"]
[SourceVersionDate "2020.07.31"]
[SourceQuality "1"]

1. d4 d5 2. c4 c6 3. Nc3 Nf6 4. cxd5 cxd5 5. Bf4 Nc6 6. e3 Bf5 7. Qb3 Na5 8. Qa4+ Bd7 9. Qc2 e6 10. Bd3 Nc6 11. a3 Be7 12. h3 0-0 13. Nf3 Rc8 14. 0-0 Na5 15. Ne5 h6 16. Qe2 a6 17. Rac1 b5 18. e4 Nb3 19. Rcd1 Nxd4 20. Qe3 Bc5 21. Qd2 Be8 22. exd5 Nxd5 23. Nxd5 Qxd5 24. Rfe1 f5 25. b4 Bb6 26. Bb1 Bh5 27. g4 fxg4 28. hxg4 Nf3+ 29. Nxf3 Qxf3 30. Be3 Qxg4+ 31. Kh2 Qh4+ 32. Kg1 Bf3 0-1